Statistics for All 50k+ Cities in Bolivia with a Map

Click here to take the quiz!

General Stats

  • This quiz has been taken 639 times
  • The average score is 8 of 18

Answers on the Map

Answers color-coded by a green-red scale on the quiz's map according to % correct below.
 

Answer Stats

PopulationCity% Correct
758,845La Paz
100%
238,798Sucre
94%
1,442,396Santa Cruz
86%
632,013Cochabamba
76%
846,880El Alto
60%
176,022Potosí
55%
264,943Oruro
54%
179,561Tarija
43%
101,628Trinidad
40%
107,298Montero
26%
78,773Riberalta
25%
77,668Warnes
25%
117,859Quillacollo
24%
61,844Yacuíba
23%
150,110Sacaba
22%
62,979Viacha
20%
76,123La Guardia
18%
51,990Colcapirhua
17%

Score Distribution

Percentile by Number Answered

Percent of People with Each Score

Your Score History

You have not taken this quiz